| 000 | 00491nam a2200181Ia 4500 | ||
|---|---|---|---|
| 005 | 20240718052959.0 | ||
| 008 | 240331s9999 xx 000 0 und d | ||
| 020 | _a0719053552 | ||
| 082 |
_a200.2 _bJAN |
||
| 100 | _aJantzen, G.M | ||
| 245 | 0 |
_aBecoming divine : _btowards a feminist philosophy of religion _cGrace M. Jantzen |
|
| 260 |
_aUK _bManchester university press _c1998 |
||
| 300 | _aviii, 296 p ., | ||
| 650 | _aPhilosophy | ||
| 650 | _aFeminism | ||
| 650 | _aReligion | ||
| 942 | _cL | ||
| 999 |
_c806 _d806 |
||